Statistiken für Deutsche Fußballer beim FC Arsenal

Klicken Sie hier um das Quiz zu spielen!

Allgemein

  • Dieses Quiz wurde 173 mal gespielt
  • Das Durchschnittsergebnis liegt bei 6 aus 12

Antwortstatistiken

ZeitraumSpiele (Tore)Spieler% Korrekt
2013-2021254 (44)Mesut Özil
95%
2023-14 (1)Kai Havertz
84%
2011-2018221 (10)Per Mertesacker
84%
2018-2022125 (0)Bernd Leno
75%
2016-2021151 (9)Shkodran Mustafi
74%
2012-201582 (31)Lukas Podolski
72%
2003-2008200 (0)Jens Lehmann
67%
2013-201618 (1)Serge Gnabry
57%
2012-20142 (1)Thomas Eisfeld
8%
2001-20032 (0)Moritz Volz
3%
1999-200114 (2)Stefan Malz
3%
1997-199911 (2)Alberto Mendez
2%

Verteilung der Resultate

Perzentil nach korrekt beantworteten Fragen

Anzahl Personen mit jedem Resultat

Ihre Resultats-Entwicklung

Sie haben dieses Quiz noch nicht gespielt